[Event "Cafe Baroque International 5th"]
[Site "London"]
[Date "1995.04.??"]
[Round "?"]
[White "Baker, Chris W"]
[Black "Beaumont, Chris R"]
[Result "1-0"]
[WhiteElo "2260"]
[BlackElo "2350"]
[PlyCount "73"]
[EventDate "1995.04.18"]
[EventType "tourn"]
[EventRounds "9"]
[EventCountry "ENG"]
[EventCategory "3"]
[SourceTitle "BritBase"]
[Source "John Saunders"]
[SourceDate "2023.06.01"]
[SourceVersion "1"]
[SourceVersionDate "2023.06.01"]
[SourceQuality "1"]

1. e4 c5 2. d4 cxd4 3. Nf3 Nc6 4. Nxd4 g6 5. Nc3 Bg7 6. Be3 Nf6 7. Nxc6 bxc6 8.
e5 Nd5 9. Nxd5 cxd5 10. Qxd5 Rb8 11. Bc4 O-O 12. O-O Qc7 13. f4 d6 14. Bb3 Ba6
15. Rf2 dxe5 16. fxe5 Rb5 17. Qd2 Bxe5 18. Bf4 Rc5 19. Re1 Bxf4 20. Rxf4 Bc4
21. Bxc4 Rxc4 22. Rxc4 Qxc4 23. b3 Qa6 24. c4 Qb6+ 25. Qe3 e6 26. Qxb6 axb6 27.
Rd1 Ra8 28. a4 Ra7 29. Rd8+ Kg7 30. Rb8 Rd7 31. Rxb6 Rd2 32. b4 e5 33. c5 e4
34. Kf1 e3 35. c6 Rf2+ 36. Ke1 Rxg2 37. Rb5 1-0

[Event "Cafe Baroque International 5th"]
[Site "London"]
[Date "1995.04.??"]
[Round "?"]
[White "Baker, Chris W"]
[Black "McDonald, Neil R"]
[Result "1-0"]
[WhiteElo "2260"]
[BlackElo "2460"]
[PlyCount "167"]
[EventDate "1995.04.18"]
[EventType "tourn"]
[EventRounds "9"]
[EventCountry "ENG"]
[EventCategory "3"]
[SourceTitle "BritBase"]
[Source "John Saunders"]
[SourceDate "2023.06.01"]
[SourceVersion "1"]
[SourceVersionDate "2023.06.01"]
[SourceQuality "1"]

1. e4 e6 2. d3 d5 3. Nd2 Nf6 4. Ngf3 c5 5. g3 Nc6 6. Bg2 Be7 7. O-O O-O 8. Re1
b5 9. e5 Nd7 10. Nf1 a5 11. Bf4 b4 12. h4 a4 13. a3 bxa3 14. bxa3 Qa5 15. Ne3
Nb6 16. Ng4 d4 17. Ng5 Nd5 18. Be4 g6 19. Qf3 Qd8 20. Bd2 Kg7 21. Bxd5 exd5 22.
Nf6 h6 23. Nxd5 Ra6 24. Nxe7 Nxe7 25. Ne4 Qd5 26. Qf4 Rh8 27. Rab1 Nf5 28. Nd6
Nxd6 29. exd6 Rxd6 30. c4 Qc6 31. Qe5+ Kh7 32. Rb5 Re6 33. Qxc5 Rxe1+ 34. Bxe1
Qf3 35. Qe7 Bh3 36. Qe4 Qxe4 37. dxe4 Rc8 38. Kh2 Be6 39. c5 d3 40. Bd2 Bb3 41.
Kg2 Kg7 42. Kf3 h5 43. Ke3 Bc2 44. Bc3+ Kf8 45. Rb7 Ke8 46. Bb4 d2 47. Bxd2
Rxc5 48. Kd4 Rc8 49. Bb4 Bb3 50. f3 Rc1 51. Ke5 Rc6 52. f4 Re6+ 53. Kd4 Bc2 54.
e5 f6 55. Bd6 fxe5+ 56. fxe5 Bb3 57. Kc5 Bd1 58. Rg7 Kd8 59. Kd5 Bb3+ 60. Kc6
Ke8 61. Kc7 Bd1 62. Rg8+ Kf7 63. Rf8+ Kg7 64. Ra8 Kf7 65. Kd7 Bb3 66. Rf8+ Kg7
67. Rf4 g5 68. Rxa4 Rg6 69. Rb4 Be6+ 70. Kc6 gxh4 71. gxh4 Rg3 72. a4 Kg6 73.
a5 Rc3+ 74. Bc5 Kf5 75. Kd6 Bc8 76. Rd4 Rc2 77. Rd1 Ra2 78. Bb6 Re2 79. Rf1+
Kg6 80. Rf8 Ba6 81. e6 Bb5 82. Rg8+ Kh7 83. Rg5 Kh6 84. Rxb5 1-0

[Event "Cafe Baroque International 5th"]
[Site "London"]
[Date "1995.04.??"]
[Round "?"]
[White "Baker, Chris W"]
[Black "Muir, Andrew Joseph"]
[Result "1/2-1/2"]
[WhiteElo "2260"]
[BlackElo "2310"]
[PlyCount "41"]
[EventDate "1995.04.18"]
[EventType "tourn"]
[EventRounds "9"]
[EventCountry "ENG"]
[EventCategory "3"]
[SourceTitle "BritBase"]
[Source "John Saunders"]
[SourceDate "2023.06.01"]
[SourceVersion "1"]
[SourceVersionDate "2023.06.01"]
[SourceQuality "1"]

1. e4 c5 2. Nf3 Nc6 3. Bb5 g6 4. O-O Bg7 5. Re1 e5 6. c3 Nge7 7. d4 cxd4 8.
cxd4 exd4 9. Bf4 d6 10. Nxd4 O-O 11. Be3 d5 12. Nc3 dxe4 13. Nxc6 bxc6 14. Bc4
Bf5 15. Bc5 Re8 16. Qb3 Nd5 17. Nxd5 cxd5 18. Bxd5 Be6 19. Rad1 Qc7 20. Bxe6
Rxe6 21. Bd4 1/2-1/2

[Event "Cafe Baroque International 5th"]
[Site "London"]
[Date "1995.04.??"]
[Round "?"]
[White "Baker, Chris W"]
[Black "Shaw, John"]
[Result "0-1"]
[WhiteElo "2260"]
[BlackElo "2280"]
[PlyCount "90"]
[EventDate "1995.04.18"]
[EventType "tourn"]
[EventRounds "9"]
[EventCountry "ENG"]
[EventCategory "3"]
[SourceTitle "BritBase"]
[Source "John Saunders"]
[SourceDate "2023.06.01"]
[SourceVersion "1"]
[SourceVersionDate "2023.06.01"]
[SourceQuality "1"]

1. e4 d6 2. d4 Nf6 3. Nc3 e5 4. Nf3 Nbd7 5. Bc4 Be7 6. O-O O-O 7. a4 c6 8. Re1
b6 9. d5 c5 10. Nh4 Nxe4 11. Nxe4 Bxh4 12. Nxd6 Bxf2+ 13. Kxf2 Qf6+ 14. Kg1
Qxd6 15. Ra3 f5 16. Bg5 Nf6 17. Rae3 e4 18. Rh3 Bd7 19. Qd2 Bxa4 20. Ra3 Be8
21. Bf4 Qd7 22. b4 cxb4 23. Qxb4 Bf7 24. Bd6 Rfc8 25. Bb5 Qd8 26. Rg3 a5 27.
Qa3 Nxd5 28. Be5 Nf6 29. Qb2 Bg6 30. c4 Qe7 31. h4 Ng4 32. Bc3 Qxh4 33. Rh3 Qe7
34. Bd4 Rab8 35. Ba6 Rd8 36. Kh1 Qb4 37. Qxb4 axb4 38. Bg1 Rd2 39. Rb3 Ra8 40.
Bb7 Raa2 41. Bd5+ Bf7 42. Rxb4 Bxd5 43. cxd5 Rxg2 44. d6 Rg3 45. Bxb6 Rh2# 0-1

[Event "Cafe Baroque International 5th"]
[Site "London"]
[Date "1995.04.??"]
[Round "?"]
[White "Beaumont, Chris R"]
[Black "Holland, Christopher KD"]
[Result "1-0"]
[WhiteElo "2350"]
[BlackElo "2260"]
[PlyCount "59"]
[EventDate "1995.04.18"]
[EventType "tourn"]
[EventRounds "9"]
[EventCountry "ENG"]
[EventCategory "3"]
[SourceTitle "BritBase"]
[Source "John Saunders"]
[SourceDate "2023.06.01"]
[SourceVersion "1"]
[SourceVersionDate "2023.06.01"]
[SourceQuality "1"]

1. c4 g6 2. Nf3 Bg7 3. d4 d6 4. e4 Nd7 5. Nc3 e5 6. Be2 Ngf6 7. O-O O-O 8. Qc2
c6 9. d5 Qc7 10. Be3 a6 11. Rac1 c5 12. a3 Ne8 13. b4 b6 14. Rb1 Qd8 15. Rb3 h6
16. Bd3 Ndf6 17. bxc5 bxc5 18. Rfb1 Bg4 19. Be2 Bd7 20. g3 Ng4 21. Bd2 f5 22.
exf5 gxf5 23. Nh4 f4 24. Ne4 Ngf6 25. Rb7 Bh3 26. Ng6 Rf7 27. Rxf7 Kxf7 28.
Rb7+ Kxg6 29. Nxf6+ Kxf6 30. Bh5 1-0

[Event "Cafe Baroque International 5th"]
[Site "London"]
[Date "1995.04.??"]
[Round "?"]
[White "Beaumont, Chris R"]
[Black "Muir, Andrew Joseph"]
[Result "1/2-1/2"]
[WhiteElo "2350"]
[BlackElo "2310"]
[PlyCount "29"]
[EventDate "1995.04.18"]
[EventType "tourn"]
[EventRounds "9"]
[EventCountry "ENG"]
[EventCategory "3"]
[SourceTitle "BritBase"]
[Source "John Saunders"]
[SourceDate "2023.06.01"]
[SourceVersion "1"]
[SourceVersionDate "2023.06.01"]
[SourceQuality "1"]

1. c4 e6 2. Nc3 d5 3. d4 c6 4. cxd5 exd5 5. Qc2 Bd6 6. Nf3 Ne7 7. Bg5 f6 8. Bh4
Bf5 9. Qd2 O-O 10. e3 Ng6 11. Bg3 Qe7 12. Bd3 Bxd3 13. Qxd3 Nd7 14. Qf5 Nb6 15.
O-O 1/2-1/2

[Event "Cafe Baroque International 5th"]
[Site "London"]
[Date "1995.04.??"]
[Round "?"]
[White "Beaumont, Chris R"]
[Black "Shaw, John"]
[Result "1-0"]
[WhiteElo "2350"]
[BlackElo "2280"]
[PlyCount "65"]
[EventDate "1995.04.18"]
[EventType "tourn"]
[EventRounds "9"]
[EventCountry "ENG"]
[EventCategory "3"]
[SourceTitle "BritBase"]
[Source "John Saunders"]
[SourceDate "2023.06.01"]
[SourceVersion "1"]
[SourceVersionDate "2023.06.01"]
[SourceQuality "1"]

1. c4 e5 2. g3 Nc6 3. Bg2 g6 4. Nc3 Bg7 5. Rb1 d6 6. b4 f5 7. d3 Nf6 8. e3 O-O
9. Nge2 Qe8 10. O-O Be6 11. Nd5 Qf7 12. b5 Nd8 13. Nec3 Nh5 14. Qb3 c6 15. bxc6
bxc6 16. Nb4 Rb8 17. Qa4 f4 18. Nxc6 f3 19. Bh1 Rxb1 20. Nxd8 Rxd8 21. Nxb1 g5
22. Nd2 g4 23. h3 Rf8 24. hxg4 Nxg3 25. fxg3 f2+ 26. Kh2 e4 27. Nxe4 Be5 28.
Rxf2 Qg6 29. Rxf8+ Kxf8 30. Bf3 Bxg4 31. Bxg4 Qxg4 32. Qc2 h5 33. Bb2 1-0

[Event "Cafe Baroque International 5th"]
[Site "London"]
[Date "1995.04.??"]
[Round "?"]
[White "Beaumont, Chris R"]
[Black "Whiteley, Andrew Jonathan"]
[Result "0-1"]
[WhiteElo "2350"]
[BlackElo "2335"]
[PlyCount "102"]
[EventDate "1995.04.18"]
[EventType "tourn"]
[EventRounds "9"]
[EventCountry "ENG"]
[EventCategory "3"]
[SourceTitle "BritBase"]
[Source "John Saunders"]
[SourceDate "2023.06.01"]
[SourceVersion "1"]
[SourceVersionDate "2023.06.01"]
[SourceQuality "1"]

1. Nf3 Nf6 2. c4 g6 3. Nc3 Bg7 4. e4 d6 5. d4 O-O 6. Be2 e5 7. O-O Nc6 8. d5
Ne7 9. Ne1 Nd7 10. Be3 f5 11. f3 f4 12. Bf2 g5 13. a4 a5 14. Nd3 c5 15. dxc6
bxc6 16. c5 d5 17. exd5 cxd5 18. Rc1 Nb8 19. b4 axb4 20. Nxb4 Be6 21. Bb5 d4
22. Ne4 h6 23. c6 Ra7 24. Nc5 Bf7 25. Nb7 Qc7 26. Nc5 Rc8 27. Ncd3 Qd6 28. Re1
Bg6 29. Qb3+ Kf8 30. Nc5 Bf7 31. Ne4 Bxb3 32. Nxd6 Rcc7 33. Re2 Nbxc6 34. Nxc6
Nxc6 35. Rxc6 Rxc6 36. Bxc6 Ra6 37. Bb5 Rxd6 38. Be1 Kf7 39. Rb2 Bd5 40. a5 e4
41. fxe4 Bxe4 42. Bc4+ Kg6 43. Re2 Bf5 44. Re7 d3 45. Bd2 Rc6 46. Bf7+ Kf6 47.
Rb7 Rc2 48. Bb4 d2 49. Bh5 g4 50. Rf7+ Kg5 51. Rxg7+ Kxh5 0-1

[Event "Cafe Baroque International 5th"]
[Site "London"]
[Date "1995.04.??"]
[Round "?"]
[White "Dive, Russell John"]
[Black "Baker, Chris W"]
[Result "1-0"]
[WhiteElo "2295"]
[BlackElo "2260"]
[PlyCount "45"]
[EventDate "1995.04.18"]
[EventType "tourn"]
[EventRounds "9"]
[EventCountry "ENG"]
[EventCategory "3"]
[SourceTitle "BritBase"]
[Source "John Saunders"]
[SourceDate "2023.06.01"]
[SourceVersion "1"]
[SourceVersionDate "2023.06.01"]
[SourceQuality "1"]

1. d4 d5 2. c4 c6 3. Nf3 Nf6 4. Nc3 e6 5. cxd5 exd5 6. Bg5 Nbd7 7. e3 Bd6 8.
Bd3 O-O 9. Qc2 h6 10. Bh4 Re8 11. O-O-O b5 12. g4 Qa5 13. g5 hxg5 14. Nxg5 b4
15. Na4 Ba6 16. Bh7+ Kf8 17. Rhg1 Bb5 18. Nxf7 Kxf7 19. Rxg7+ Kxg7 20. Qg6+ Kh8
21. Bxf6+ Nxf6 22. Qxf6+ Kxh7 23. Rg1 1-0

[Event "Cafe Baroque International 5th"]
[Site "London"]
[Date "1995.04.??"]
[Round "?"]
[White "Dive, Russell John"]
[Black "Beaumont, Chris R"]
[Result "0-1"]
[WhiteElo "2295"]
[BlackElo "2350"]
[PlyCount "60"]
[EventDate "1995.04.18"]
[EventType "tourn"]
[EventRounds "9"]
[EventCountry "ENG"]
[EventCategory "3"]
[SourceTitle "BritBase"]
[Source "John Saunders"]
[SourceDate "2023.06.01"]
[SourceVersion "1"]
[SourceVersionDate "2023.06.01"]
[SourceQuality "1"]

1. d4 d6 2. c4 e5 3. d5 f5 4. e4 Nf6 5. exf5 Bxf5 6. Nc3 Be7 7. Nge2 Nh5 8. Ng3
Nxg3 9. hxg3 O-O 10. Bd3 Na6 11. Bxf5 Rxf5 12. Be3 Qe8 13. a3 Qg6 14. Ne4 c5
15. dxc6 bxc6 16. Qa4 Rf7 17. Qxc6 Raf8 18. O-O Nb8 19. Qd5 Kh8 20. Rad1 Nd7
21. Bxa7 h5 22. Be3 h4 23. gxh4 Qh5 24. Qe6 Bxh4 25. Rxd6 Nf6 26. Nxf6 Rxf6 27.
Qd5 Bg3 28. Rd1 Qh2+ 29. Kf1 Rxf2+ 30. Bxf2 Rxf2+ 0-1

[Event "Cafe Baroque International 5th"]
[Site "London"]
[Date "1995.04.??"]
[Round "?"]
[White "Dive, Russell John"]
[Black "Holland, Christopher KD"]
[Result "0-1"]
[WhiteElo "2295"]
[BlackElo "2260"]
[PlyCount "44"]
[EventDate "1995.04.18"]
[EventType "tourn"]
[EventRounds "9"]
[EventCountry "ENG"]
[EventCategory "3"]
[SourceTitle "BritBase"]
[Source "John Saunders"]
[SourceDate "2023.06.01"]
[SourceVersion "1"]
[SourceVersionDate "2023.06.01"]
[SourceQuality "1"]

1. c4 g6 2. Nc3 Bg7 3. e4 d6 4. g3 c5 5. Bg2 Nc6 6. Nge2 e6 7. O-O Nge7 8. Rb1
O-O 9. a3 a5 10. d3 Rb8 11. Be3 Nd4 12. b4 Nxe2+ 13. Nxe2 cxb4 14. axb4 b5 15.
bxa5 Qxa5 16. c5 Rd8 17. cxd6 Rxd6 18. Bc5 Rd7 19. f4 b4 20. d4 Ba6 21. Re1 Bc4
22. Rb2 Qxc5 0-1

[Event "Cafe Baroque International 5th"]
[Site "London"]
[Date "1995.04.??"]
[Round "?"]
[White "Dive, Russell John"]
[Black "Muir, Andrew Joseph"]
[Result "1/2-1/2"]
[WhiteElo "2295"]
[BlackElo "2310"]
[PlyCount "43"]
[EventDate "1995.04.18"]
[EventType "tourn"]
[EventRounds "9"]
[EventCountry "ENG"]
[EventCategory "3"]
[SourceTitle "BritBase"]
[Source "John Saunders"]
[SourceDate "2023.06.01"]
[SourceVersion "1"]
[SourceVersionDate "2023.06.01"]
[SourceQuality "1"]

1. d4 Nf6 2. c4 c5 3. d5 b5 4. cxb5 a6 5. f3 axb5 6. e4 Qa5+ 7. Bd2 b4 8. Na3
d6 9. Nc4 Qc7 10. a3 bxa3 11. Nxa3 Qb7 12. Nb5 Rxa1 13. Qxa1 g6 14. Qa5 Bg7 15.
Nc7+ Kf8 16. Bc3 h6 17. Bc4 Kg8 18. Ne2 Kh7 19. O-O Ne8 20. Nxe8 Rxe8 21. Bxg7
Kxg7 22. Qc3+ 1/2-1/2

[Event "Cafe Baroque International 5th"]
[Site "London"]
[Date "1995.04.??"]
[Round "?"]
[White "Dive, Russell John"]
[Black "Telfer, Kenneth"]
[Result "1-0"]
[WhiteElo "2295"]
[BlackElo "2245"]
[PlyCount "83"]
[EventDate "1995.04.18"]
[EventType "tourn"]
[EventRounds "9"]
[EventCountry "ENG"]
[EventCategory "3"]
[SourceTitle "BritBase"]
[Source "John Saunders"]
[SourceDate "2023.06.01"]
[SourceVersion "1"]
[SourceVersionDate "2023.06.01"]
[SourceQuality "1"]

1. d4 d5 2. c4 c6 3. Nf3 e6 4. cxd5 cxd5 5. Nc3 Nc6 6. Bf4 g6 7. e3 Bg7 8. Be2
Nf6 9. h3 O-O 10. O-O b6 11. Rc1 Bb7 12. a3 Qe7 13. b4 Nd7 14. Qb3 Rfc8 15.
Rfd1 h6 16. Bg3 Nf6 17. Qb1 Rd8 18. Ne5 Rac8 19. Bd3 Ne8 20. Bb5 Nxe5 21. dxe5
Nc7 22. Bf1 Na6 23. Nb5 Rxc1 24. Rxc1 Ba8 25. Qc2 Nb8 26. Qc7 Qxc7 27. Rxc7 Nc6
28. f4 a6 29. Nd4 Nxd4 30. exd4 a5 31. b5 Bf8 32. a4 Ba3 33. Bh4 g5 34. fxg5
Bb2 35. Bf2 hxg5 36. Be3 Kg7 37. Bd3 Rh8 38. Kf1 Rh4 39. Bxg5 Rxd4 40. Bf6+ Kh6
41. Ke2 Rxa4 42. Rc8 1-0

[Event "Cafe Baroque International 5th"]
[Site "London"]
[Date "1995.04.??"]
[Round "?"]
[White "Holland, Christopher KD"]
[Black "Baker, Chris W"]
[Result "1-0"]
[WhiteElo "2260"]
[BlackElo "2260"]
[PlyCount "79"]
[EventDate "1995.04.18"]
[EventType "tourn"]
[EventRounds "9"]
[EventCountry "ENG"]
[EventCategory "3"]
[SourceTitle "BritBase"]
[Source "John Saunders"]
[SourceDate "2023.06.01"]
[SourceVersion "1"]
[SourceVersionDate "2023.06.01"]
[SourceQuality "1"]

1. d4 Nf6 2. c4 e6 3. Nc3 Bb4 4. e3 Nc6 5. Nf3 d5 6. Qc2 O-O 7. h3 Re8 8. a3
Bf8 9. cxd5 exd5 10. Bd3 g6 11. Bd2 Bg7 12. O-O-O a6 13. g4 Qd6 14. Kb1 Bd7 15.
Ka1 b5 16. g5 b4 17. gxf6 bxc3 18. fxg7 cxd2 19. Qxd2 a5 20. Rc1 a4 21. Rc5 Nd8
22. Qc3 Ne6 23. Ra5 Rab8 24. Bc2 Rec8 25. Bxa4 Bxa4 26. Rxa4 c5 27. dxc5 Nxc5
28. Rb4 Rxb4 29. Qxb4 Rb8 30. Qf4 Qb6 31. Rb1 Nb3+ 32. Ka2 Nc1+ 33. Ka1 Rc8 34.
Qa4 Nd3 35. Qd1 Qa6 36. Qe2 d4 37. Nxd4 Qc4 38. Rd1 Qa6 39. Qxd3 Rc1+ 40. Ka2
1-0

[Event "Cafe Baroque International 5th"]
[Site "London"]
[Date "1995.04.??"]
[Round "?"]
[White "Holland, Christopher KD"]
[Black "McDonald, Neil R"]
[Result "0-1"]
[WhiteElo "2260"]
[BlackElo "2460"]
[PlyCount "102"]
[EventDate "1995.04.18"]
[EventType "tourn"]
[EventRounds "9"]
[EventCountry "ENG"]
[EventCategory "3"]
[SourceTitle "BritBase"]
[Source "John Saunders"]
[SourceDate "2023.06.01"]
[SourceVersion "1"]
[SourceVersionDate "2023.06.01"]
[SourceQuality "1"]

1. c4 c6 2. e4 d5 3. exd5 cxd5 4. cxd5 Nf6 5. Bb5+ Bd7 6. Bc4 Na6 7. Nc3 g6 8.
Nge2 Bg7 9. O-O O-O 10. Nf4 Bg4 11. Qb3 Nc5 12. Qa3 Rc8 13. h3 Bf5 14. g4 Bc2
15. d3 g5 16. Be3 Ncd7 17. Rac1 gxf4 18. Bxf4 Rxc4 19. dxc4 Bd3 20. Rfd1 Bxc4
21. Qxa7 Qa8 22. Qxa8 Rxa8 23. b3 Ba6 24. Na4 Ne8 25. Nc5 Nxc5 26. Rxc5 Bb2 27.
Rc2 Ba3 28. Bc1 Bd6 29. a4 b5 30. axb5 Bxb5 31. Bb2 f6 32. Bd4 Kf7 33. h4 Bd7
34. f3 Ra5 35. Be3 Rb5 36. Rc3 Nc7 37. Rcd3 Bc8 38. Kf2 Bb7 39. g5 Nxd5 40.
gxf6 Nxe3 41. Kxe3 Kxf6 42. Rh1 h5 43. Kf2 Rb4 44. Rhd1 Be5 45. Rd8 Kf7 46. Re1
Bf6 47. Rh1 Rxb3 48. Rh3 Rb2+ 49. Ke3 Rb3+ 50. Rd3 Rb4 51. f4 Ba6 0-1

[Event "Cafe Baroque International 5th"]
[Site "London"]
[Date "1995.04.??"]
[Round "?"]
[White "Holland, Christopher KD"]
[Black "Shaw, John"]
[Result "0-1"]
[WhiteElo "2260"]
[BlackElo "2280"]
[PlyCount "54"]
[EventDate "1995.04.18"]
[EventType "tourn"]
[EventRounds "9"]
[EventCountry "ENG"]
[EventCategory "3"]
[SourceTitle "BritBase"]
[Source "John Saunders"]
[SourceDate "2023.06.01"]
[SourceVersion "1"]
[SourceVersionDate "2023.06.01"]
[SourceQuality "1"]

1. c4 e5 2. Nc3 Bb4 3. Nd5 Be7 4. g3 c6 5. Nxe7 Qxe7 6. Bg2 d6 7. Nf3 f5 8. d4
e4 9. Nd2 Nf6 10. e3 c5 11. Qa4+ Bd7 12. Qb3 Nc6 13. Qc3 O-O 14. a3 f4 15. gxf4
cxd4 16. exd4 Nh5 17. Nf1 Nxf4 18. Bxf4 Rxf4 19. Ng3 Bg4 20. O-O Bf3 21. Rae1
Qf6 22. Nxe4 Qg6 23. Ng3 Nxd4 24. Re3 Raf8 25. Bxf3 Nxf3+ 26. Kg2 Qh6 27. h3
Qxh3+ 0-1

[Event "Cafe Baroque International 5th"]
[Site "London"]
[Date "1995.04.??"]
[Round "?"]
[White "Holland, Christopher KD"]
[Black "Tozer, Richard"]
[Result "1-0"]
[WhiteElo "2260"]
[BlackElo "2335"]
[PlyCount "45"]
[EventDate "1995.04.18"]
[EventType "tourn"]
[EventRounds "9"]
[EventCountry "ENG"]
[EventCategory "3"]
[SourceTitle "BritBase"]
[Source "John Saunders"]
[SourceDate "2023.06.01"]
[SourceVersion "1"]
[SourceVersionDate "2023.06.01"]
[SourceQuality "1"]

1. d4 f5 2. c4 Nf6 3. Nc3 g6 4. h4 Bg7 5. h5 Nxh5 6. e4 Nf6 7. e5 Ne4 8. Nxe4
fxe4 9. Qg4 d5 10. e6 O-O 11. Ne2 Nc6 12. Bh6 Qd6 13. Qh4 Bf6 14. Bg5 Qb4+ 15.
Nc3 h5 16. O-O-O dxc4 17. Bxf6 exf6 18. d5 f5 19. Qg5 Ne5 20. Rxh5 Re8 21. Nxe4
c3 22. Nf6+ Kf8 23. Rh8+ 1-0

[Event "Cafe Baroque International 5th"]
[Site "London"]
[Date "1995.04.??"]
[Round "?"]
[White "Holland, Christopher KD"]
[Black "Whiteley, Andrew Jonathan"]
[Result "1-0"]
[WhiteElo "2260"]
[BlackElo "2335"]
[PlyCount "37"]
[EventDate "1995.04.18"]
[EventType "tourn"]
[EventRounds "9"]
[EventCountry "ENG"]
[EventCategory "3"]
[SourceTitle "BritBase"]
[Source "John Saunders"]
[SourceDate "2023.06.01"]
[SourceVersion "1"]
[SourceVersionDate "2023.06.01"]
[SourceQuality "1"]

1. e4 c5 2. Nc3 Nc6 3. g3 g6 4. Bg2 Bg7 5. d3 e5 6. f4 Nge7 7. Nh3 d6 8. O-O
O-O 9. f5 gxf5 10. Qh5 f6 11. exf5 Nd4 12. Nd5 Nxc2 13. Ng5 Bxf5 14. Rxf5 fxg5
15. Rxf8+ Qxf8 16. Bxg5 Ng6 17. Rf1 Qc8 18. Be4 Qd7 19. Ne7+ 1-0

[Event "Cafe Baroque International 5th"]
[Site "London"]
[Date "1995.04.??"]
[Round "?"]
[White "McDonald, Neil R"]
[Black "Beaumont, Chris R"]
[Result "1/2-1/2"]
[WhiteElo "2460"]
[BlackElo "2350"]
[PlyCount "57"]
[EventDate "1995.04.18"]
[EventType "tourn"]
[EventRounds "9"]
[EventCountry "ENG"]
[EventCategory "3"]
[SourceTitle "BritBase"]
[Source "John Saunders"]
[SourceDate "2023.06.01"]
[SourceVersion "1"]
[SourceVersionDate "2023.06.01"]
[SourceQuality "1"]

1. e4 c5 2. Nf3 g6 3. d4 Bg7 4. d5 Nf6 5. Nc3 O-O 6. Be2 b5 7. e5 Ng4 8. Bf4 b4
9. Ne4 d6 10. exd6 exd6 11. O-O Nf6 12. Nxf6+ Qxf6 13. Qd2 Bb7 14. c4 bxc3 15.
bxc3 Qxc3 16. Qxc3 Bxc3 17. Rac1 Bf6 18. Bxd6 Rd8 19. Bc7 Rxd5 20. Rb1 Ba6 21.
Rxb8+ Rxb8 22. Bxa6 Rb4 23. Ne1 c4 24. Nc2 Ra4 25. Ne3 Rd4 26. Bb5 Rxa2 27.
Bxc4 Rc2 28. Nxc2 Rxc4 29. Bb8 1/2-1/2

[Event "Cafe Baroque International 5th"]
[Site "London"]
[Date "1995.04.??"]
[Round "?"]
[White "McDonald, Neil R"]
[Black "Dive, Russell John"]
[Result "1/2-1/2"]
[WhiteElo "2460"]
[BlackElo "2295"]
[PlyCount "130"]
[EventDate "1995.04.18"]
[EventType "tourn"]
[EventRounds "9"]
[EventCountry "ENG"]
[EventCategory "3"]
[SourceTitle "BritBase"]
[Source "John Saunders"]
[SourceDate "2023.06.01"]
[SourceVersion "1"]
[SourceVersionDate "2023.06.01"]
[SourceQuality "1"]

1. e4 Nf6 2. e5 Nd5 3. d4 d6 4. Nf3 dxe5 5. Nxe5 g6 6. g3 Bg7 7. Bg2 O-O 8. O-O
c6 9. Re1 Bf5 10. c3 Nd7 11. Nd2 Nxe5 12. dxe5 Qc7 13. Qe2 Rad8 14. Nf3 c5 15.
Qc4 h6 16. a4 Nb6 17. Qh4 g5 18. Qh5 Qd7 19. Bxg5 hxg5 20. Nxg5 f6 21. exf6
exf6 22. Rad1 Rde8 23. a5 Rxe1+ 24. Rxe1 fxg5 25. axb6 Qd2 26. Rd1 Bg6 27. Qf3
Rxf3 28. Rxd2 Rf8 29. bxa7 Ra8 30. Rd6 Be8 31. Ra6 Bc6 32. Bxc6 bxc6 33. Rxc6
Rxa7 34. Rxc5 Bf6 35. Kg2 Kf7 36. Kf3 Ra1 37. Rd5 Ke6 38. Rd2 Rh1 39. Kg2 Rb1
40. h3 Kf5 41. Kf3 Rh1 42. Kg2 Rb1 43. Re2 Be5 44. Rd2 Ke4 45. h4 gxh4 46. gxh4
Bf4 47. Rd4+ Kf5 48. Kf3 Be5 49. Rb4 Rh1 50. Rc4 Rh3+ 51. Kg2 Rh2+ 52. Kg1 Rh3
53. Kg2 Rh2+ 54. Kf3 Rh3+ 55. Ke2 Bf4 56. b4 Rxh4 57. b5 Rh1 58. Rc6 Rb1 59. c4
Ke4 60. Re6+ Kd4 61. Kf3 Bb8 62. Re4+ Kc5 63. Kg4 Rb4 64. f4 Rxc4 65. Rxc4+
Kxc4 1/2-1/2

[Event "Cafe Baroque International 5th"]
[Site "London"]
[Date "1995.04.??"]
[Round "?"]
[White "McDonald, Neil R"]
[Black "Telfer, Kenneth"]
[Result "1-0"]
[WhiteElo "2460"]
[BlackElo "2245"]
[PlyCount "52"]
[EventDate "1995.04.18"]
[EventType "tourn"]
[EventRounds "9"]
[EventCountry "ENG"]
[EventCategory "3"]
[SourceTitle "BritBase"]
[Source "John Saunders"]
[SourceDate "2023.06.01"]
[SourceVersion "1"]
[SourceVersionDate "2023.06.01"]
[SourceQuality "1"]

1. e4 c5 2. Nf3 Nc6 3. d4 cxd4 4. Nxd4 e5 5. Nb5 d6 6. c4 Be7 7. N1c3 a6 8. Na3
Be6 9. Be2 Rc8 10. O-O Nd4 11. Be3 Nxe2+ 12. Qxe2 Bg5 13. Bxg5 Qxg5 14. Rfd1
Rc6 15. b3 Nf6 16. Nd5 Bh3 17. f3 Nh5 18. Nc2 g6 19. Kh1 Be6 20. Ndb4 Nf4 21.
Qf2 Rc8 22. Rxd6 b5 23. c5 a5 24. Nd3 Nh5 25. b4 a4 26. Qe3 Qh4 1-0

[Event "Cafe Baroque International 5th"]
[Site "London"]
[Date "1995.04.??"]
[Round "?"]
[White "McDonald, Neil R"]
[Black "Tozer, Richard"]
[Result "0-1"]
[WhiteElo "2460"]
[BlackElo "2335"]
[PlyCount "84"]
[EventDate "1995.04.18"]
[EventType "tourn"]
[EventRounds "9"]
[EventCountry "ENG"]
[EventCategory "3"]
[SourceTitle "BritBase"]
[Source "John Saunders"]
[SourceDate "2023.06.01"]
[SourceVersion "1"]
[SourceVersionDate "2023.06.01"]
[SourceQuality "1"]

1. e4 c5 2. Nf3 e6 3. d4 cxd4 4. Nxd4 Nc6 5. Nc3 Qc7 6. Be3 a6 7. Bd3 b5 8. O-O
Bb7 9. Kh1 Ne5 10. f4 Nc4 11. Bxc4 Qxc4 12. f5 e5 13. Nf3 d6 14. Bg5 Be7 15.
Bxe7 Kxe7 16. f6+ Nxf6 17. Nh4 g6 18. Qf3 Qe6 19. a3 Rac8 20. Qe3 Rc5 21. Nf3
Ng4 22. Qg5+ f6 23. Qd2 f5 24. Ng5 Qd7 25. exf5 gxf5 26. Rae1 Rg8 27. Re2 Kd8
28. Kg1 Kc8 29. Nf3 f4 30. b4 Rc4 31. Nd5 Qd8 32. Qd3 Rg6 33. Rd1 Kb8 34. Qb3
Bxd5 35. Rxd5 Qb6+ 36. Kf1 Ne3+ 37. Rxe3 Qxe3 38. Rd3 Qb6 39. Nd2 Qc6 40. Nf3
Rxc2 41. Qf7 Rc1+ 42. Ne1 Qxg2# 0-1